Größte Handelspartnern - Katar - Statistiken

Allgemein
  • Dieses Quiz wurde 72 mal gespielt
  • Das Durchschnittsergebnis liegt bei 22 aus 28
Antwortstatistiken
Ausfuhr Einfuhr Land % Korrekt
0,62 bil Saudi-Arabien
100%
2,49 bil Deutschland
99%
1,24 bil 3,12 bil Vereinigte Staaten
99%
1,56 bil 3,12 bil Vereinigtes Königreich
97%
6,40 bil 1,68 bil China
96%
0,74 bil 2,26 bil Frankreich
96%
8,09 bil 1,19 bil Indien
93%
1,32 bil 1,04 bil Italien
91%
0,85 bil 0,46 bil Spanien
91%
11,0 bil 1,19 bil Japan
90%
0,83 bil Oman
85%
0,90 bil Indonesien
84%
0,62 bil 1,98 bil Vereinigte Arabische Emirate
82%
0,42 bil Brasilien
81%
11,3 bil 0,44 bil Südkorea
78%
1,37 bil Ägypten
76%
0,36 bil Kuwait
75%
0,65 bil Türkei
75%
1,61 bil Pakistan
74%
0,57 bil Niederlande
65%
0,49 bil Malaysia
60%
0,69 bil Schweiz
60%
0,45 bil Argentinien
59%
0,54 bil Polen
57%
2,54 bil Thailand
57%
0,55 bil 0,36 bil Belgien
56%
5,17 bil 0,43 bil Singapur
51%
2,65 bil Taiwan
50%
Keine übereinstimmenden Quizze gefunden
Verteilung der Resultate
Anzahl Personen mit jedem Resultat
Perzentil nach korrekt beantworteten Fragen
Ihre Resultats-Entwicklung
Sie haben dieses Quiz noch nicht gespielt